000 01180nam0a22002531 4500
001 rc\483141
005 20030616173059.4
035 _a(NLR Aleph) 005725855
090 _a7527584
_c7527584
100 _a20030616d1987 u |0rusy50 ca
101 0 _arus
102 _aRU
105 _ay |||||||||
200 1 _aОТ ЛЕНИНСКОГО декрета о мире до всеобъемлющей системы международной безопасности
_eМетод. рекомендации
_fОм. обл. орг. о-ва "Знание". Метод. секция пропаганды внеш. политики СССР, междунар. отношений и идеол. борьбы
_g[Подгот.: С.Д. Вивчарик, к. филос. н. доц., Н.В. Бондарчук, к. ист. н., доц.]
210 _aОмск
_cБ. и.
_d1987
215 _a24 с.
_d20
225 1 _aВ помощь лектору
320 _aБиблиогр. в тексте
702 1 _aВивчарик
_bС. Д.
_gСтепан Дмитриевич
_4570
801 0 _aRU
_bNLR
_gpsbo
801 1 _aRU
_bELAR
_2rusmarc
852 _aNLR
_j88-4/17479
942 _cBOOK
980 _aNB